Liedtext - Die Weisheiten des Lebens - Unheilig - Statistiken

Allgemein
  • Dieses Quiz wurde 14 mal gespielt
  • Das Durchschnittsergebnis liegt bei 74 aus 247
Antwortstatistiken
Antwort % Korrekt
die
91%
Die
91%
Der
73%
der
73%
Es
73%
lebe
73%
ist
64%
Leben
64%
wer
64%
Wer
64%
am
55%
Das
55%
des
55%
Lebens
55%
nicht
55%
Weisheiten
55%
den
45%
ein
45%
Ein
45%
In
45%
in
45%
sein
45%
und
45%
Und
45%
uns
45%
alle
36%
an
36%
du
36%
nach
36%
Sind
36%
Väter
36%
was
36%
will
36%
alles
27%
aus
27%
dein
27%
Gold
27%
Jeder
27%
mit
27%
nichts
27%
unsere
27%
unserer
27%
werden
27%
Worte
27%
Zeit
27%
auf
18%
bestehen
18%
bringen
18%
deinen
18%
dem
18%
Ehrlich
18%
ehrt
18%
Eile
18%
Eine
18%
Ende
18%
ewiglich
18%
Fragen
18%
Geschichten
18%
gibt
18%
glänzt
18%
Glück
18%
Glückes
18%
heilt
18%
kein
18%
Klügere
18%
kostet
18%
Kraft
18%
längsten
18%
liegt
18%
man
18%
muss
18%
Ruhe
18%
Scherben
18%
Schmied
18%
seines
18%
sondern
18%
Traum
18%
Träume
18%
trösten
18%
währt
18%
Weile
18%
wert
18%
wird
18%
Wunden
18%
Alter
9%
Andere
9%
beflügeln
9%
hat
9%
im
9%
Kommt
9%
kommt
9%
Lehren
9%
leiden
9%
Meister
9%
Pfennig
9%
schön
9%
sich
9%
Talers
9%
vom
9%
vor
9%
weit
9%
Welt
9%
Aller
0%
Anfang
0%
Apfel
0%
Ast
0%
erkennt
0%
fällt
0%
Fleiß
0%
Freunde
0%
Früh
0%
gebrochen
0%
Gegensätze
0%
gut
0%
Hand
0%
höhlt
0%
Lohn
0%
macht
0%
Morgenstunde
0%
Mund
0%
Not
0%
Ohne
0%
Preis
0%
Rat
0%
Säge
0%
schützt
0%
Schwer
0%
sitzt
0%
Stamm
0%
Stein
0%
Steter
0%
Torheit
0%
Tropfen
0%
Tüchtigen
0%
übt
0%
Übung
0%
Undank
0%
vergangener
0%
Vermächtnis
0%
Versprochen
0%
versprochen
0%
wäscht
0%
Welten
0%
ziehen
0%
zusammenhält
0%
Keine übereinstimmenden Quizze gefunden
Verteilung der Resultate
Anzahl Personen mit jedem Resultat
Perzentil nach korrekt beantworteten Fragen
Ihre Resultats-Entwicklung
Sie haben dieses Quiz noch nicht gespielt